| 000 | 00483pab a2200157 454500 | ||
|---|---|---|---|
| 008 | 180718b1996 xxu||||| |||| 00| 0 eng d | ||
| 100 | _aPrahlad Kumar | ||
| 245 |
_aRe-structuring educational programmes in the changing liberalised environment _bsome prescriptions for growing economics like Malaysia. |
||
| 260 | _c1996 | ||
| 300 | _ap.511-25 | ||
| 362 | _aApr | ||
| 650 | _aEducation - Malaysia | ||
| 650 | _aEducation | ||
| 773 | _aIndian Journal of Economics | ||
| 909 | _a31725 | ||
| 999 |
_c31725 _d31725 |
||